Zaměstnanost žen a vzdělání jako faktor sociální diferenciace

Vplyv vzdelanosti žien na sociálnu diferenciáciu. Postavenie žien v zamestnaní. Vplyv socializácie na postavenie žien.

Saved in:
Bibliographic Details
Main Author: Čermáková, M.
Format: Book Chapter
Language:Czech
Subjects:
Tags: Add Tag
No Tags, Be the first to tag this record!

MARC

LEADER 00000naa a2200000 4500
001 r026748
005 20230913070426.8
041 0 |a cze 
044 |a CZ 
245 1 0 |a Zaměstnanost žen a vzdělání jako faktor sociální diferenciace  |c M. Čermáková 
520 |a Vplyv vzdelanosti žien na sociálnu diferenciáciu. Postavenie žien v zamestnaní. Vplyv socializácie na postavenie žien. 
610 2 0 |a zamestnanosť 
610 2 0 |a ženy 
610 2 0 |a vzdelanie 
610 2 0 |a socializácia 
610 2 0 |a postavenie žien 
100 1 |a Čermáková, M.